Statistics for State capitals of Germany and Austria

Click here to take the quiz!

General Stats

  • This quiz has been taken 102 times
  • The average score is 19 of 25

Answer Stats

StateCapital% Correct
BerlinBerlin
99%
HamburgHamburg
99%
BremenBremen
96%
BavariaMunich
96%
SaxonyDresden
91%
ViennaVienna
91%
Baden-WürttembergStuttgart
90%
SalzburgSalzburg
86%
North Rhine-WestphaliaDüsseldorf
84%
Lower SaxonyHannover
81%
Schleswig-HolsteinKiel
79%
BrandenburgPotsdam
78%
SaarlandSaarbrücken
78%
StyriaGraz
76%
TyrolInnsbruck
76%
Upper AustriaLinz
71%
ThuringiaErfurt
65%
Rhineland-PalatinateMainz
65%
Saxony-AnhaltMagdeburg
63%
Mecklenburg-VorpommernSchwerin
61%
HesseWiesbaden
56%
CarinthiaKlagenfurt
55%
VorarlbergBregenz
44%
Lower AustriaSankt Pölten
40%
BurgenlandEisenstadt
38%

Score Distribution

Percentile by Number Answered

Percent of People with Each Score

Your Score History

You have not taken this quiz